|
|
|
|
| LEADER |
00863nam a2200169Ia 4500 |
| 001 |
40249 |
| 008 |
170722s9999 xx 000 0 und d |
| 100 |
|
|
|a Habeeb Muhammad, Ps
|
| 245 |
|
|
|a Sahitya peedhangal /
|
| 260 |
|
|
|a Kottayanm :
|b SVCS ,
|c 1989.
|
| 300 |
|
|
|a 118 p.
|c 23Cms
|
| 942 |
|
|
|c GEN
|
| 999 |
|
|
|c 110226
|d 110226
|
| 952 |
|
|
|0 0
|1 0
|4 0
|6 O_G_32M911M913
|7 0
|9 155330
|a LIB
|b LIB
|d 2017-08-12
|o O:g 32M91;1-M91;3
|p 208841
|r 2017-08-12
|v 18.00
|w 2017-08-12
|y GEN
|
| 952 |
|
|
|0 0
|1 0
|4 0
|6 O_G_32M911M913
|7 0
|9 155331
|a LIB
|b LIB
|d 2017-08-12
|o O:g 32M91;1-M91;3
|p 208842
|r 2017-08-12
|v 18.00
|w 2017-08-12
|y GEN
|
| 952 |
|
|
|0 0
|1 0
|4 0
|6 O_G_32M911M913
|7 0
|8 LC1
|9 155332
|a LIB
|b LIB
|d 2017-08-12
|h LC1
|l 4
|o O:g 32M91;1-M91;3
|p 208843
|r 2020-11-19
|s 2020-02-24
|v 18.00
|w 2017-08-12
|y GEN
|
| 952 |
|
|
|0 0
|1 0
|4 0
|6 O_G_32M911M913
|7 0
|9 155333
|a LIB
|b LIB
|d 2017-08-12
|o O:g 32M91;1-M91;3
|p 208844
|r 2017-08-12
|v 18.00
|w 2017-08-12
|y GEN
|